Fútbol Argentino - Estadios de Primera División - Estadísticas

Estadísticas generales
  • Esta prueba ha sido intentada 161 veces
  • La puntuación promedio es 20 de 46
Estadísticas de respuestas
Club Estadio % Correcto
x La Bombonera
95%
River Plate MÂS Monumental
89%
x Monumental
81%
Argentinos Juniors Diego Armando Maradona
77%
x Libertadores de América
74%
x El Cilindro
72%
x Mario A. Kempes
69%
x Gigante de Alberdi
67%
Racing Club Presidente Perón
66%
Boca Juniors Alberto J. Armando
60%
Barracas Central Claudio F. Tapia
60%
Instituto Juan D. Perón
60%
Newell's Old Boys Marcelo Bielsa
60%
x El Bosque
59%
Rosario Central Gigante de Arroyito
58%
x Nuevo Gasómetro
58%
Independiente Ricardo E. Bochini
58%
Huracán Tomás A. Ducó
56%
x Madre de Ciudades
55%
x Malvinas Argentinas
55%
x La Fortaleza
54%
x UNO
53%
Vélez Sarsfield José Amalfitani
48%
x El Coloso
46%
Aldosivi José María Minella
46%
Banfield Florencio Solá
44%
x El Fortín
42%
San Lorenzo Pedro Bidegain
36%
Sarmiento Eva Perón
30%
Platense Ciudad de Vicente López
29%
x El Palacio
29%
Atlético Tucumán Presidente José Fierro
28%
Unión 15 de abril
27%
Defensa y Justicia Tito Tomaghello
23%
Estudiantes LP Jorge Luis Hirschi
21%
Tigre José Dellagiovanna
20%
Deportivo Riestra Guillermo Laza
18%
Talleres Francisco Cabasés
17%
Belgrano Julio C. Villagra
17%
Lanús Ciudad de Lanús
16%
Godoy Cruz Feliciano Gambarte
15%
Gimnasia LP Juan C. Zerillo
12%
Central Córdoba Alfredo Terrera
11%
Independiente Rivadavia Bautista Gargantini
10%
San Martín de San Juan Ing. Hilario Sánchez
8%
x Coliseo de Victoria
7%
No se encontraron pruebas coincidentes
Distribución de puntuación
Porcentaje de gente con cada puntuación
Porcentaje por número respondido
Historial de tus puntuaciones
No has intentado esta prueba.